Fußball-Rivalitäten - Statistiken

Allgemein
  • Dieses Quiz wurde 5.632 mal gespielt
    5.563 seit der letzten Aktualisierung
  • Das Durchschnittsergebnis liegt bei 14 aus 20
Antwortstatistiken
Verein Rivale % Korrekt
Schalke 04 Borussia Dortmund
98%
AC Mailand Inter Mailand
95%
FC Barcelona Real Madrid
94%
Celtic Glasgow Glasgow Rangers
91%
Werder Bremen Hamburger SV
91%
Tottenham Hotspurs Arsenal/Chelsea
89%
FC Liverpool FC Everton/Manchester United
89%
AS Rom Lazio Rom
86%
FK Austria Wien SK Rapid Wien
74%
Spvgg Greuther Fürth 1. FC Nürnberg
73%
Partizan Belgrad Roter Stern Belgrad
73%
Boca Juniors River Plate
67%
BSG Chemie Leipzig 1. FC Lokomotive Leipzig
64%
Galatasaray Istanbul Fenerbahçe Istanbul
64%
Kickers Offenbach Eintracht Frankfurt/Waldhof Mannheim
57%
FC Zürich Grasshopper Club Zürich/FC Basel
54%
Preußen Münster Arminia Bielefeld/VfL Osnabrück
37%
Brøndby IF F.C. Kopenhagen
35%
Fluminense Rio de Janeiro Flamengo Rio de Janeiro
27%
Millwall F.C. West Ham United
17%
Keine übereinstimmenden Quizze gefunden
Verteilung der Resultate
Anzahl Personen mit jedem Resultat
Perzentil nach korrekt beantworteten Fragen
Ihre Resultats-Entwicklung
Sie haben dieses Quiz seit der letzten Aktualisierung nicht gespielt